Administración Pública porteña: (Registro nro. 32591)

Detalles MARC
000 -LEADER
fixed length control field 00334 a2200109 4500
001 - CONTROL NUMBER
control field ART_55098
005 - DATE AND TIME OF LATEST TRANSACTION
control field 20260410162015.0
008 - FIXED-LENGTH DATA ELEMENTS--GENERAL INFORMATION
fixed length control field 260409a
100 1# - MAIN ENTRY--PERSONAL NAME
Personal name Roitman, Facundo J.
245 10 - TITLE STATEMENT
Title Administración Pública porteña:
773 0# - HOST ITEM ENTRY
Title Temas de derecho administrativo
Related parts - Año 6, N° 12 (dic. 2021)
Record control number REV40468

No hay ítems disponibles.